| 000 | 01395nam a2200445 i 4500 | ||
|---|---|---|---|
| 001 | 37177 | ||
| 003 | KOSZ 005 | ||
| 005 | 20220607090729.0 | ||
| 008 | 010507s2000 pl a |000 0 pol | ||
| 015 | _aUWD 2001/11157 | ||
| 020 | _a838577646X | ||
| 035 | _a991016383159705066 | ||
| 035 | _a(PL-WaBN)b14406147-48omnis_nlop | ||
| 035 | _ab14406147 | ||
| 035 | _a(OCoLC)749593046 | ||
| 035 | _azz2004875578 | ||
| 035 | _a(PL)b0000001440614 | ||
| 035 | _a(EXLNZ-48OMNIS_NETWORK)9910086682805606 | ||
| 040 |
_aWA N _cWA N _dKOSZ 005/HR |
||
| 046 | _k2000 | ||
| 080 | _a336.76 | ||
| 100 | 1 |
_aTymuła, Izabela _eAutor |
|
| 245 | 1 | 0 |
_aSwapy finansowe / _cIzabela Tymuła. |
| 260 |
_aWarszawa : _b"Zarządzanie i Finanse", _c2000. |
||
| 300 |
_a219, [1] s.: _bil. ; _c23 cm. |
||
| 336 |
_aTekst _btxt _2rdacontent |
||
| 337 |
_aBez urządzenia pośredniczącego _bn _2rdamedia |
||
| 338 |
_aWolumin _bnc _2rdacarrier |
||
| 380 | _aKsiążki | ||
| 388 | _a1901-2000 | ||
| 388 | _a1989-2000 | ||
| 490 | 1 | _aBiblioteka Menedżera i Bankowca | |
| 504 | _aBibliogr. | ||
| 650 | 7 |
_aSwapy procentowe _2DBN |
|
| 658 | _aGospodarka, ekonomia, finanse | ||
| 830 | 0 | _aBiblioteka Menedżera i Bankowca (seria) | |
| 856 |
_uhttp://koha.tu.koszalin.pl/cgi-bin/koha/opac-detail.pl?biblionumber=37177 _yKatalog online BPK |
||
| 942 |
_2UKD _cKS |
||
| 999 |
_c37177 _d37177 |
||